Communicating for Results Guide for Business (Record no. 24636)
[ view plain ]
| 000 -LEADER | |
|---|---|
| fixed length control field | 00211nam a22000737a 4500 |
| 003 - CONTROL NUMBER IDENTIFIER | |
| control field | Nust |
| 005 - DATE AND TIME OF LATEST TRANSACTION | |
| control field | 20170519132622.0 |
| 008 - FIXED-LENGTH DATA ELEMENTS--GENERAL INFORMATION | |
| fixed length control field | 140617b xxu||||| |||| 00| 0 eng d |
| 020 ## - INTERNATIONAL STANDARD BOOK NUMBER | |
| Terms of availability | Available |
| International Standard Book Number | 9780495095842 |
| 040 ## - CATALOGING SOURCE | |
| Original cataloging agency | DLC |
| Language of cataloging | DLC |
| Transcribing agency | RCMS |
| 050 ## - LIBRARY OF CONGRESS CALL NUMBER | |
| Classification number | 586.4 HAM |
| 082 ## - DEWEY DECIMAL CLASSIFICATION NUMBER | |
| Edition number | 8th, ed. |
| Classification number | 586.4 HAM |
| 100 ## - MAIN ENTRY--PERSONAL NAME | |
| Personal name | Cheryl Hemilton |
| 9 (RLIN) | 1235 |
| 245 ## - TITLE STATEMENT | |
| Title | Communicating for Results Guide for Business |
| 250 ## - EDITION STATEMENT | |
| Edition statement | 8th, ed. |
| 260 ## - PUBLICATION, DISTRIBUTION, ETC. | |
| Place of publication, distribution, etc. | USA |
| Name of publisher, distributor, etc. | Thomson Wadsworth, |
| Date of publication, distribution, etc. | c2008. |
| 300 ## - PHYSICAL DESCRIPTION | |
| Extent | x, 463 p. : |
| Other physical details | ill, ; |
| Dimensions | 28 cm. |
| 440 ## - SERIES STATEMENT/ADDED ENTRY--TITLE | |
| Title | Guide for Business and the Professions |
| 9 (RLIN) | 1236 |
| 538 ## - SYSTEM DETAILS NOTE | |
| Display text | Shelf # 12, Row # 1, System Engineering. |
| 650 ## - SUBJECT ADDED ENTRY--TOPICAL TERM | |
| Topical term or geographic name entry element | Communication for Results |
| 9 (RLIN) | 1237 |
| 856 ## - ELECTRONIC LOCATION AND ACCESS | |
| Materials specified | Table of Contents Only. |
| 942 ## - ADDED ENTRY ELEMENTS (KOHA) | |
| Source of classification or shelving scheme | |
| Koha item type | Book |
| Call number prefix | 586.4 HAM |
| Withdrawn status | Lost status | Source of classification or shelving scheme | Damaged status | Not for loan | Permanent Location | Current Location | Shelving location | Date acquired | Total Checkouts | Barcode | Date last seen | Date last checked out | Price effective from | Koha item type |
|---|---|---|---|---|---|---|---|---|---|---|---|---|---|---|
| School of Interdisciplinary Engineering and Sciences (SINES) | School of Interdisciplinary Engineering and Sciences (SINES) | General Stacks | 06/17/2014 | 1 | RCMS002452 | 09/04/2014 | 09/04/2014 | 06/17/2014 | Book |
